| 000 -LEADER | |
|---|---|
| fixed length control field | 00391nam a22001697a 4500 |
| 005 - DATE AND TIME OF LATEST TRANSACTION | |
| control field | 20180220130819.0 |
| 008 - FIXED-LENGTH DATA ELEMENTS--GENERAL INFORMATION | |
| fixed length control field | 160623b xxu||||| |||| 00| 0 eng d |
| 020 ## - INTERNATIONAL STANDARD BOOK NUMBER | |
| ISBN | 978-81-203-2452-7 |
| 041 ## - LANGUAGE CODE | |
| Language code of text/sound track or separate title | eng |
| 082 ## - DEWEY DECIMAL CLASSIFICATION NUMBER | |
| Item number | 9318 |
| Classification number | 001.42 |
| 100 ## - MAIN ENTRY--AUTHOR NAME | |
| Personal name | Panneer selvam,R |
| 245 ## - TITLE STATEMENT | |
| Title | Research Methodology |
| 260 ## - PUBLICATION, DISTRIBUTION, ETC. (IMPRINT) | |
| Name of publisher | PHI |
| Year of publication | 2007 |
| 300 ## - PHYSICAL DESCRIPTION | |
| Number of Pages | 598 |
| 650 ## - SUBJECT ADDED ENTRY--TOPICAL TERM | |
| Topical Term | Management |
| 942 ## - ADDED ENTRY ELEMENTS (KOHA) | |
| Koha item type | Books |
| Lost status | Damaged status | Collection code | Home library | Current library | Shelving location | Date acquired | Cost, normal purchase price | Full call number | Accession Number | Koha item type |
|---|---|---|---|---|---|---|---|---|---|---|
| MANAGEMENT | JRU Library | JRU Library | 23/06/2016 | 325.00 | 001.42 | 9318 | Books | |||
| MANAGEMENT | JRU Library | JRU Library | 23/06/2016 | 325.00 | 001.42 | 9319 | Books | |||
| MANAGEMENT | JRU Library | JRU Library | 23/06/2016 | 325.00 | 001.42 | 9320 | Books |